New insights into sikh art / (Record no. 62672)

MARC details
000 -LEADER
fixed length control field 01130naa a2200241 4500
005 - DATE AND TIME OF LATEST TRANSACTION
control field 20080924111043.0
010 ## - LCCN (DPL NO)
LC control number B-453656-657
020 ## - INTERNATIONAL STANDARD BOOK NUMBER
International Standard Book Number 8185026602
Terms of availability 2250.00
035 ## - SYSTEM CONTROL NUMBER
System control number B-453656-657
037 ## - SOURCE OF ACQUISITION
Source of stock number/acquisition R.B.C/Ven
082 ## - DEWEY DECIMAL CLASSIFICATION NUMBER
Classification number 700.8826
245 ## - TITLE STATEMENT
Title New insights into sikh art /
Statement of responsibility, etc edited by Kavita Singh
260 ## - PUBLICATION, DISTRIBUTION, ETC. (IMPRINT)
Place of publication, distribution, etc Mumbai
Name of publisher, distributor, etc Marg Publications
Date of publication, distribution, etc 2003
270 ## - ADDRESS
Address National Centre for the Performing Arts,24, Homi Mody Street,
City Mumbay
Postal code 400001
300 ## - PHYSICAL DESCRIPTION
Extent 148p.
Dimensions 31cm.(Hb)
Other physical details Ill
500 ## - GENERAL NOTE
General note Includes index
610 ## - SUBJECT ADDED ENTRY--CORPORATE NAME
Corporate name or jurisdiction name as entry element International Labour Organisation
700 ## - ADDED ENTRY--PERSONAL NAME
Personal name Kavita Singh
9 (RLIN) 41731
942 ## - ADDED ENTRY ELEMENTS (KOHA)
Institution code [OBSOLETE] dpl
Item type English Books
Source of classification or shelving scheme Dewey Decimal Classification
Call number suffix NEW
Classification part 700.8826
Holdings
Withdrawn status Lost status Not for loan Collection code Home library Current library Date acquired Source of acquisition Cost, normal purchase price Full call number Barcode Copy number Cost, replacement price Koha item type
      Reference Central Library Central Library 21/02/2012 RBC Pub/26661/08.10.2011/76/04.3.11/29.11.11 2250.00 700.8826 NEW B-453656 1 2250.00 English Books
    Not For Loan Reference Sarojini Nagar Sarojini Nagar 21/02/2012 RBC Pub/26661/08.10.2011/76/04.3.11/29.11.11 2250.00 700.8826 NEW B-453657 1 2250.00 English Books

© Delhi Public Library
Hit Counter
free hit counter